تكنولوجيا أعمال الديكور / (رقم التسجيلة. 11999)

تفاصيل مارك
000 -الفاتح
عناصر البيانات ثابتة الطول 00547cam a2200169 i 4500
005 - تاريخ ووقت آخر معاملة
حقل ضبط 20251108164707.0
008 - عناصر البيانات ثابتة الطول
عناصر البيانات ثابتة الطول 250721s1983 jo gr 000 0 ara d
082 14 - رقم تصنيف ديوي العشري
رقم التصنيف 747
رقم المادة ي و ن
100 1# - مدخل رئيسي – اسم شخصي
الاسم الشخصي خنفر، يونس يوسف
علاقة الشخص بالعمل/ دوره معد.
245 10 - بيان العنوان
العنوان تكنولوجيا أعمال الديكور /
بيان المسؤولية إعداد يونس يوسف خنفر.
250 ## - بيان الطبعة
بيان الطبعة الطبعة الأولى.
264 1# - بيانات النشر، التوزيع…إلخ
مكان النشر، التوزيع...إلخ عمان :
اسم الناشر، الموزع...إلخ دار الأرقم،
تاريخ النشر، التوزيع...إلخ 1983.
300 ## - الوصف المادي
عدد الوحدات المكونة للوعاء 162 صفحة.
650 17 - مدخل إضافي بالموضوع - مصطلح موضوعي
مصطلح موضوعي أو اسم جغرافي كعنصر مدخل الديكور.
942 ## - بيانات إضافية (كوها)
نوع التنصيف Dewey Decimal Classification
نوع المادة (كوها) كتب
المقتنيات
حالة السحب حالة الفقدان مصدر التصنيف حالة التلف غير قابل للإعارة المكتبة الرئيسية المكتبة الحالية موقع الرف تاريخ التزويد الرقم المتسلسل Total Checkouts رقم الإستدعاء الباركود تاريخ آخر ظهور تاريخ الفاتورة نوع المادة (كوها)
    Dewey Decimal Classification     المكتبة المركزية المكتبة المركزية الإعارة 06/07/2004 110719   747 / ي و ن 110719 28/07/2025 06/07/2004 كتب
    Dewey Decimal Classification     مكتبة الحسن العامة مكتبة الحسن العامة الإعارة 09/09/2018 01235   747/يون PLD00430325 28/07/2025 09/09/2018 كتب
    Dewey Decimal Classification     مكتبة صويلح العامة مكتبة صويلح العامة الإعارة 24/06/2019 01040   747/يون PLD00454939 28/07/2025 24/06/2019 كتب
Implemented & Customized by: BBB with SCIT (Smart Chains for Information Technology)

Powered by Koha